000 00363cam a2200169 4500
001 D13701
008 090401t1951 xxu||||| |||| 00| 0 eng d
035 _a(Sirsi) u11197
041 _aeng
100 _aRedmond, F.A.
245 _aTacheometry
260 _bTechnical Press
_c1951
350 _a0
520 _aShelf 133
942 _n0
948 _c04/03/1997
999 _c86829
_d86829